| 000 | 00723nam a22002411 4500 | ||
|---|---|---|---|
| 001 | 749944 | ||
| 003 | ARRUPE | ||
| 005 | 20211015102007.0 | ||
| 008 | 840801s1960 nyua 000 0 eng | ||
| 010 | _a 60012745 | ||
| 040 |
_aDLC/ICU _cICU _dDLC |
||
| 050 | 0 | 0 |
_aQA266 _b.H62 |
| 082 | 0 | 0 | _a512.89 |
| 100 | 1 |
_aHohn, Franz Edward, _d1915-1977. _950494 |
|
| 245 | 1 | 0 |
_aApplied Boolean algebra; _ban elementary introduction. |
| 260 |
_aNew York, _bMacmillan _c[1960] |
||
| 300 |
_a139 p. _billus. _c24 cm. |
||
| 440 | 2 |
_aA Series of mathematics texts _950495 |
|
| 650 | 0 |
_aAlgebra, Boolean. _950496 |
|
| 650 | 0 |
_aSwitching theory. _950497 |
|
| 906 |
_a7 _bcbc _corignew _du _eocip _f19 _gy-gencatlg |
||
| 942 |
_2lcc _cMONOGRAPH |
||
| 999 |
_c130887 _d130887 |
||